Caminos cruzados = Crossing /

Una maestra retirada de Georgia, junto con un impetuoso vecino, viajan a Estambul, Turquía para buscar a su sobrina, una mujer trans, y traerla de vuelta a casa. Cuando llegan a Estambul conocen a una abogada trans que les guiará por la vibrante escena trans en ese nuevo país.

Uloženo v:
Podrobná bibliografie
Hlavní autor: Akin, Levan (realización)
Další autoři: Akin, Levan (guión) (guión), Fridell, Lisabi (fotógrafo) (fotógrafo), Eklund, Linn (vestuario) (vestuario), Akin, Levan (montaje) (montaje), Lagrelius, Emma (montaje) (montaje), Arabuli, Mzia (actuación) (actuación), Kankava, Lucas (actuación) (actuación), Dumanli, Deniz (actuación) (actuación)
Médium: Video
Vydáno: Suecia : French Quarter Film : Adomeit Film : Easy Riders Films, 2024, c2024
Témata:
Tagy: Přidat tag
Žádné tagy, Buďte první, kdo vytvoří štítek k tomuto záznamu!

MARC

LEADER 00000ngm^a2200000^a^4500
001 000624300
005 20251112000000.0
009 20260310133953.811
037 |a Acervo ITESO - Biblioteca 
041 |a OTR 
082 |a 839. 7  |b AKI 
100 |a Akin, Levan  |e (realización) 
245 1 0 |a Caminos cruzados =  |b Crossing /  |c Realización de L. Akin. 
246 2 |a Título en México: Caminos cruzados 
264 4 |a Suecia :  |b French Quarter Film :  |b Adomeit Film :  |b Easy Riders Films,  |c 2024, c2024 
264 2 |a Inglaterra :  |b MUBI [distribución],  |c 2024, c2024 
300 |a 1 DVD región 2 PAL (102, 2 min.) :  |b color 
336 |a imagen móvil bidimensional  |b tdi  |2 rdacontenido 
337 |a video  |b v  |2 rdamedio 
338 |a videodisco  |b vd  |2 rdasoporte 
520 |a Una maestra retirada de Georgia, junto con un impetuoso vecino, viajan a Estambul, Turquía para buscar a su sobrina, una mujer trans, y traerla de vuelta a casa. Cuando llegan a Estambul conocen a una abogada trans que les guiará por la vibrante escena trans en ese nuevo país. 
546 |a En georgiano, inglés y turco, con subtítulos opcionales: español, alemán, inglés 
546 |a Doblaje opcional: alemán 
546 |a Audiodescripción en inglés, para ciegos y débiles visuales 
649 |a XX 
650 |a Cineastas Suecos -  |x Entrevistas 
650 |a Abogados en el Cine 
650 |a Transexuales en el Cine 
650 |a Transexuales -  |z Estambul, Turquía -  |x Condiciones Jurídicas -  |x Tema Principal 
650 |a Transexuales -  |z Estambul, Turquía -  |x Condiciones Sociales y Culturales -  |x Tema Principal 
650 |a Mujeres en el Cine 
650 |a Dramas Cinematográficos 
650 |a Cine en Georgiano -  |z Suecia 
650 |a Cine en Turco -  |z Suecia 
650 |a Cine Gay y Lésbico -  |z Suecia 
650 |a Cine Gay y Lésbico -  |z Turquía 
650 |a Cine Sueco -  |y 2020-2029 
650 |a Cine Sueco -  |y Siglo XXI 
650 |a Cine Turco -  |y 2020-2029 
650 |a Cine Turco -  |y Siglo XXI 
650 |a Movimientos de Homosexuales -  |z Turquía 
650 |a Transexualidad -  |z Turquía -  |x Tema Principal 
650 |a Identida de Género -  |z Turquía 
650 |a Estambul, Turquía en el Cine 
650 |a Akin, Levan 
700 |a Akin, Levan  |e (guión) 
700 |a Fridell, Lisabi  |e (fotógrafo) 
700 |a Eklund, Linn  |e (vestuario) 
700 |a Akin, Levan  |e (montaje) 
700 |a Lagrelius, Emma  |e (montaje) 
700 |a Arabuli, Mzia  |e (actuación) 
700 |a Kankava, Lucas  |e (actuación) 
700 |a Dumanli, Deniz  |e (actuación) 
910 |a Fondo General 
920 |a Audiovisuales - DVDs 
940 |a Películas 
905 |a 308 
901 |a 624317-10  |b IT2  |c DVR  |i C190941  |u 20251112 
902 |a https://opac.biblio.iteso.mx/vufind/Record/000624300